skbl

Dr Suryya Kumar Bhuyan Library Web-OPAC
ডঃ সূৰ্য্য
কুমাৰ ভূঞা পুথিভঁৰাল ৱেব-অ'পেক

All Research Scholars are advised to clear the annual library fees to continue using Library Resources, Remote Access, Plagiarism Test and Library Clearance.

Cotton University Book Fair 2026

Vyakaransiddhanta Kaoumudi: Tritiya Bhag / (Record no. 39845)

MARC details
000 -LEADER
fixed length control field 00792nam a2200289Ia 4500
001 - CONTROL NUMBER
control field 39873
005 - DATE AND TIME OF LATEST TRANSACTION
control field 20240114002113.0
007 - PHYSICAL DESCRIPTION FIXED FIELD--GENERAL INFORMATION
fixed length control field ta
008 - FIXED-LENGTH DATA ELEMENTS--GENERAL INFORMATION
fixed length control field 070917s2001 g b000 u 491 u
040 ## - CATALOGING SOURCE
Original cataloging agency Cotton College,Assam
041 ## - LANGUAGE CODE
Language code of text/sound track or separate title 491
082 ## - DEWEY DECIMAL CLASSIFICATION NUMBER
Classification number 491.2
Item number Di 642 Vy
100 ## - MAIN ENTRY--PERSONAL NAME
Personal name Dikshit, Bhattaji .
245 #0 - TITLE STATEMENT
Title Vyakaransiddhanta Kaoumudi: Tritiya Bhag /
Statement of responsibility, etc. Bhattaji Dikshit.
Medium Textual Documents
250 ## - EDITION STATEMENT
Edition statement 1st ed. /
260 ## - PUBLICATION, DISTRIBUTION, ETC.
Place of publication, distribution, etc. Delhi :
Name of publisher, distributor, etc. Motilal Banarsidass Publishers ,
Date of publication, distribution, etc. ©2001.
300 ## - PHYSICAL DESCRIPTION
Extent 701p. ;
Dimensions 19cm.
653 ## - INDEX TERM--UNCONTROLLED
Uncontrolled term Sanskrit Language-Grammar
653 ## - INDEX TERM--UNCONTROLLED
Uncontrolled term G-Languages
700 ## - ADDED ENTRY--PERSONAL NAME
Personal name Sharma, Parameshwarananda .
942 ## - ADDED ENTRY ELEMENTS (KOHA)
Source of classification or shelving scheme Dewey Decimal Classification
Koha item type Books
Holdings
Withdrawn status Lost status Damaged status Not for loan Collection Home library Current library Date acquired Coded location qualifier Total checkouts Full call number Barcode Date last seen Copy number Price effective from Koha item type
          Dr. Suryya Kumar Bhuyan Library Dr. Suryya Kumar Bhuyan Library 01/02/2012 00000   491.2 Di 642 Vy 786/Sans 14/01/2024 4 01/02/2012 Books
          Dr. Suryya Kumar Bhuyan Library Dr. Suryya Kumar Bhuyan Library 01/02/2012 00000   491.2 Di 642 Vy 783/Sans 14/01/2024 1 01/02/2012 Books
          Dr. Suryya Kumar Bhuyan Library Dr. Suryya Kumar Bhuyan Library 01/02/2012 00000   491.2 Di 642 Vy 784/Sans 14/01/2024 2 01/02/2012 Books
          Dr. Suryya Kumar Bhuyan Library Dr. Suryya Kumar Bhuyan Library 01/02/2012 00000   491.2 Di 642 Vy 785/Sans 14/01/2024 3 01/02/2012 Books

Designed and Maintained by Team SKBL
©1901-2026

Powered by Koha